Šefkuchár bez čepice. "Dni plné chutí" [kniha ke slavnému televiznímu seriálu]

Bibliographic Details
Main Author: Oliver, Jamie, 1975- (Author)
Other Authors: Loftus, David (Photographer)
Format: Book
Language:Czech
English
PhysicalDescription:317 strán farebné fotografie 24 cm
Published: [Banská Bystrica] Spektrum Grafik [2004]
ISBN:8089189075
Edition:[1. vyd.]
Subjects:

MARC

LEADER 00000cam a2200000 a 4500
001 vtls001485582
003 SK-MaSNL
005 20260301163938.0
008 240226s2004 xo o gr 001 0 cze
015 |a SNBA2005/02-00738 
020 |a 8089189075  |q (viazané) 
035 |a SNK000440875 
035 |a urn:nbn:sk:snk-am3j3hz 
035 |a 8542A761-5493-4661-B8C9-9A8EA377C9EE 
035 |a urn:nbn:sk:snk-am00gkjc 
040 |a SNK  |b slo  |c SNK  |e AACR2 
041 1 |a cze  |h eng 
044 |a xo  |c SK 
072 7 |a 641  |x Kuchárstvo. Potraviny. Varené jedlá  |2 konspekt 
080 |a 087.6:641/642  |2 2011 
080 |a (083.12)  |2 2011 
080 |a 641.55  |2 2011 
080 |a (048.8)  |2 2011 
100 1 |a Oliver, Jamie,  |d 1975-  |4 aut  |9 92850 
240 1 0 |a Happy days with the naked chef  |l Česky 
245 1 0 |a Šefkuchár bez čepice. "Dni plné chutí"  |b [kniha ke slavnému televiznímu seriálu]  |c Jamie Oliver ; s fotografiemi Davida Loftuse 
250 |a [1. vyd.] 
260 |a [Banská Bystrica]  |b Spektrum Grafik  |c [2004] 
300 |a 317 strán  |b farebné fotografie  |c 24 cm 
500 |a Rozložená farebná fotografia na titulnej strane 
504 |a Obsahuje register 
650 0 7 |a jedlá  |2 SNKPH 
650 0 7 |a príprava jedál  |2 SNKPH  |9 57003 
650 0 7 |a kuchárske knihy  |2 SNKPH  |9 63303 
655 7 |a kuchárske recepty  |2 SNKPH  |9 70493 
655 7 |a monografie  |2 SNKPH  |9 70139 
700 1 |a Loftus, David  |4 pht  |9 302342 
919 |a 80-89189-07-5 
958 |a OP 
958 |a OND 
968 |a Čes  |b ENG 
999 |c 818843  |d 820773 
952 |t P60, <03>, [BOOK], {603}, -B-  |a SNK  |b SNK  |y PREZ  |7 0  |p 17A0450734  |o snkSC 117962  |i snkKSP 14562/2004  |0 0  |1 0  |4 0  |d 2004-11-15  |f 1  |l 0  |r 2025-10-07 00:00:00  |w 2026-02-24 
952 |t P60, <04>, [BOOK], {604}  |a SNK  |b SNK  |y VYP  |7 0  |p 17A0450726  |o snkSC 117962 D1  |i snkKSP 14563/2004  |0 0  |1 0  |4 0  |d 2004-11-15  |l 0  |r 2005-01-02 00:00:00  |w 2026-02-24